书目信息 |
| 题名: |
中关村创新型服务业发展报告
|
|
| 作者: | 赵弘 , 王小兰 主编 | |
| 分册: | ||
| 出版信息: | 北京 社会科学文献出版社 2007 |
|
| 页数: | 472页 | |
| 开本: | 24cm | |
| 丛书名: | 皮书系列 | |
| 单 册: | ||
| 中图分类: | F127.1 , F719 | |
| 科图分类: | ||
| 主题词: | 高技术--gao ji shu--经济开发区--服务业--经济发展--研究报告--北京市--2007 | |
| 电子资源: | ||
| ISBN: | 978-7-80230-877-0 | |
| 000 | 01228nam 2200301 450 | |
| 001 | 003684006 | |
| 005 | 20080918161141.48 | |
| 010 | @a978-7-80230-877-0@dCNY59.00 (含光盘) | |
| 010 | @a978-7-900227-62-1@b光盘 | |
| 100 | @a20080108d2007 em y0chiy0110 ea | |
| 101 | 0 | @achi@eeng |
| 102 | @aCN@b110000 | |
| 105 | @ay z 000yy | |
| 200 | 1 | @a中关村创新型服务业发展报告@Azhong guan cun chuang xin xing fu wu ye fa zhan bao gao@d= The report on the development of Zhongguancun's innovative services@f赵弘, 王小兰主编@zeng |
| 210 | @a北京@c社会科学文献出版社@d2007 | |
| 215 | @a472页@d24cm | |
| 225 | 2 | @a皮书系列@Api shu xi lie |
| 300 | @a中关村发展蓝皮书(2007) 由北京市科委软科学研究课题资助 | |
| 330 | @a本书由“综合研究篇”、“行业分析篇”、“理论探索篇”、“区域篇”、“评价篇”、“调查分析篇”等四部分组成,详细介绍了中关村发展状况。 | |
| 410 | 0 | @12001 @a皮书系列 |
| 510 | 1 | @aReport on the development of Zhongguancun's innovative services@zeng |
| 606 | 0 | @a高技术@Agao ji shu@x经济开发区@x服务业@x经济发展@x研究报告@y北京市@z2007 |
| 690 | @aF127.1@v4 | |
| 690 | @aF719@v4 | |
| 701 | 0 | @a赵弘@Azhao hong@4主编 |
| 701 | 0 | @a王小兰@Awang xiao lan@4主编 |
| 801 | 0 | @aCN@c20080918 |
| 905 | @dF719@eZ302 | |
| 中关村创新型服务业发展报告= The report on the development of Zhongguancun's innovative services/赵弘, 王小兰主编.-北京:社会科学文献出版社,2007 |
| 472页;24cm.-(皮书系列) |
| 中关村发展蓝皮书(2007) 由北京市科委软科学研究课题资助 |
| ISBN 978-7-80230-877-0:CNY59.00 (含光盘) |
| 本书由“综合研究篇”、“行业分析篇”、“理论探索篇”、“区域篇”、“评价篇”、“调查分析篇”等四部分组成,详细介绍了中关村发展状况。 |
| ● |
| 相关链接 |
|
|
|
正题名:中关村创新型服务业发展报告
索取号:F719/Z302
 
预约/预借
| 序号 | 登录号 | 条形码 | 馆藏地/架位号 | 状态 | 备注 |
| 1 | 678887 | 206788877 | 社科库409/409社科库 46排3列3层/ [索取号:F719/Z302] | 在馆 | |
| 2 | 678888 | 206788886 | 管理学院资料室/ [索取号:F719/Z302] | 在馆 | |
| 3 | 678889 | 206788895 | 社科库409/409社科库 46排3列3层/ [索取号:F719/Z302] | 在馆 |